000 00997pam a2200289 a 4500
001 4964027
003 OSt
005 20160602153751.0
008 970827s1998 njua b 000 0 eng
010 _a 97037252
020 _a9780138603700 (pbk.)
040 _aDLC
_cDLC
_dDLC
043 _an-us---
050 0 0 _aLB 1576
_b.T653 1998
082 0 0 _aGLT 372.6044
_bT59 1998
100 1 _aTompkins, Gail E.
_922700
245 1 0 _a50 literacy strategies :
_bstep by step /
_cGail E. Tompkins.
246 3 _aFifty literacy strategies
260 _aUpper Saddle River, N.J. :
_bMerrill,
_c1998.
300 _a124 p. :
_bill. ;
_c28 cm.
650 0 _aLanguage arts (Elementary)
_zUnited States.
_922701
650 0 _aLanguage arts (Middle school)
_zUnited States.
_922702
906 _a7
_bcbc
_corignew
_d1
_eocip
_f19
_gy-gencatlg
942 _2lcc
_cBK
999 _c12618
_d12618